Aceh, une charia de complaisance (notice n° 1617571)
[ vue normale ]
| 000 -LEADER | |
|---|---|
| fixed length control field | 01018cam a2200169 4500500 |
| 005 - DATE AND TIME OF LATEST TRANSACTION | |
| control field | 20260111085034.0 |
| 041 ## - LANGUAGE CODE | |
| Language code of text/sound track or separate title | fre |
| 042 ## - AUTHENTICATION CODE | |
| Authentication code | dc |
| 100 10 - MAIN ENTRY--PERSONAL NAME | |
| Personal name | De Féo, Agnès |
| Relator term | author |
| 245 00 - TITLE STATEMENT | |
| Title | Aceh, une charia de complaisance |
| 260 ## - PUBLICATION, DISTRIBUTION, ETC. | |
| Date of publication, distribution, etc. | 2008.<br/> |
| 500 ## - GENERAL NOTE | |
| General note | 69 |
| 520 ## - SUMMARY, ETC. | |
| Summary, etc. | La charia, loi islamique qui réprime notamment les affaires de mœurs, a fini par être imposée en Aceh. Mais cette nouvelle juridiction est davantage politique et culturelle que le signe d’un radicalisme religieux. Ce texte montre les enjeux sociaux de son application. |
| 520 ## - SUMMARY, ETC. | |
| Summary, etc. | The sharia, the Islamic law sanctions for moral affairs, is applied in Aceh province which is the first Indonesian province to apply Islamic law. However, this new juridiction is more political and cultural than inspired from religious radicalism. |
| 786 0# - DATA SOURCE ENTRY | |
| Note | Les Cahiers de l'Orient | 92 | 4 | 2008-12-21 | p. 41-58 | 0767-6468 |
| 856 41 - ELECTRONIC LOCATION AND ACCESS | |
| Uniform Resource Identifier | <a href="https://shs.cairn.info/revue-les-cahiers-de-l-orient-2008-4-page-41?lang=fr&redirect-ssocas=7080">https://shs.cairn.info/revue-les-cahiers-de-l-orient-2008-4-page-41?lang=fr&redirect-ssocas=7080</a> |
Pas d'exemplaire disponible.




Réseaux sociaux